| 000 | 00000nam##2200000za#4500 |
| 001 | 9.688014 |
| 003 | CaOODSP |
| 005 | 20210624231232 |
| 007 | cr ||||||||||| |
| 008 | 150407|2005||||xxc|||||o f|0| 0 eng|d |
| 020 | |a0-662-42452-2 |
| 040 | |aCaOODSP|beng |
| 043 | |an-cn--- |
| 086 | 1 |aHS24-27/2005E-PDF |
| 110 | 1 |aCanada. |bHuman Resources and Skills Development Canada. |bLabour Program. |
| 245 | 10|aHazard prevention program guide / |h[electronic resource]|cissued by Workplace Skills Communications. |
| 260 | |aGatineau - Quebec : |bHuman Resources and Skills Development Canada. |cc2005. |
| 300 | |a21p.|bfig., tables |
| 500 | |aIncorrect catalogue number (HS24-27/2005) and ISBN (0-662-695550) copied in this electronic publication. |
| 590 | |a13-22-Supp|b2013-09-26 |
| 775 | 08|tGuide du programme de prévention des risques |w(CaOODSP)9.632455 |
| 856 | 40|ahttp://publications.gc.ca|qPDF|s296 KB|uhttps://publications.gc.ca/collections/collection_2013/rhdcc-hrsdc/HS24-27-2005-eng.pdf |
| 986 | |aLT-177-01-06 |